[Event "Llinars del Valles op-A 9th"]
[Site "Llinars del Valles"]
[Date "2015.04.25"]
[Round "3"]
[White "Ruiz Molina, Gabriel"]
[Black "Masdemont Serra, Guillem"]
[Result "1/2-1/2"]
[WhiteElo "1934"]
[BlackElo "1592"]
[PlyCount "101"]
[EventDate "2015.04.11"]
[EventType "swiss"]
[EventRounds "9"]
[EventCountry "ESP"]
[SourceTitle "EXT 2016"]
[Source "ChessBase"]
[SourceDate "2015.10.08"]
[SourceVersion "1"]
[SourceVersionDate "2015.10.08"]
[SourceQuality "1"]

1. d4 d5 2. c4 e6 3. Nc3 Nf6 4. Nf3 Be7 5. Bg5 0-0 6. e3 h6 7. Bh4 b6 8. cxd5 exd5 9. Bd3 Nbd7 10. Qc2 c6 11. 0-0 Re8 12. Rfe1 Nf8 13. Ne5 Bb7 14. Rac1 N6d7 15. Bxe7 Qxe7 16. f4 Nxe5 17. fxe5 f6 18. e4 dxe4 19. Qb3+ Kh8 20. Bxe4 fxe5 21. d5 cxd5 22. Nxd5 Bxd5 23. Bxd5 Rac8 24. Bc6 Red8 25. Qb5 Ng6 26. Be4 Rxc1 27. Rxc1 Qd6 28. Bxg6 Qxg6 29. Qxe5 Qd6 30. Qxd6 Rxd6 31. Rc3 Rd7 32. Kf2 g5 33. Kf3 Kg7 34. h3 Re7 35. a4 Kg6 36. Rc6+ Kg7 37. a5 bxa5 38. Ra6 Rb7 39. Rxa5 Rxb2 40. Rxa7+ Kg6 41. Ra6+ Kg7 42. g3 Rb4 43. Re6 Ra4 44. Re4 Ra3+ 45. Kg4 Kf6 46. Rb4 h5+ 47. Kxh5 Rxg3 48. Rb6+ Ke7 49. Rb7+ Kd6 50. Rb5 Rxh3+ 51. Kxg5 1/2-1/2

[Event "Llinars del Valles op-A 9th"]
[Site "Llinars del Valles"]
[Date "2015.04.18"]
[Round "2"]
[White "Ferres Saez, Joan"]
[Black "Ruiz Molina, Gabriel"]
[Result "0-1"]
[WhiteElo "1772"]
[BlackElo "1934"]
[PlyCount "76"]
[EventDate "2015.04.11"]
[EventType "swiss"]
[EventRounds "9"]
[EventCountry "ESP"]
[SourceTitle "EXT 2016"]
[Source "ChessBase"]
[SourceDate "2015.10.08"]
[SourceVersion "1"]
[SourceVersionDate "2015.10.08"]
[SourceQuality "1"]

1. e4 e6 2. Qe2 c5 3. Nf3 Nc6 4. g3 d6 5. Bg2 Nf6 6. 0-0 Be7 7. d3 Qc7 8. Re1 e5 9. Nc3 Bg4 10. h3 Nd4 11. Qd1 Nxf3+ 12. Bxf3 Bxh3 13. Nd5 Nxd5 14. exd5 Bf5 15. b3 Qd7 16. Be3 0-0 17. g4 Bg6 18. Kg2 f5 19. Bd2 Rae8 20. Rh1 e4 21. Be2 f4 22. f3 Bf6 23. dxe4 Bxa1 24. Qxa1 Re5 25. a4 h5 26. gxh5 Bxh5 27. Rh4 Qe7 28. Qh1 Qg5+ 29. Kf1 g6 30. Bc3 Ree8 31. Rh2 Rf7 32. Rg2 Qh6 33. Ke1 Rh7 34. Kd1 Bxf3 35. Qxh6 Bxe2+ 36. Kxe2 Rxh6 37. Kf3 Rh3+ 38. Kxf4 Rf8+ 0-1